Frugal Innovation : how to do better with less /
Saved in:
| Main Authors: | , |
|---|---|
| Format: | Book |
| Language: | English |
| Published: |
London
Profile Books
2016
|
| Subjects: | |
| Tags: |
No Tags, Be the first to tag this record!
|
MARC
| LEADER | 00000nam a22000003a 4500 | ||
|---|---|---|---|
| 001 | 0071469 | ||
| 003 | SK-STU | ||
| 005 | 20190204141952.2 | ||
| 007 | ta | ||
| 008 | 190204s ----xo-----e------000-0-----d | ||
| 020 | |a 978-1-78125-760-9 | ||
| 040 | |a STU |b slo | ||
| 041 | 0 | |a eng | |
| 100 | 1 | |a Radjou, Navi |4 aut | |
| 245 | 1 | 0 | |a Frugal Innovation : |b how to do better with less / |c aut. Navi Radjou, Jaideep Prabhu |
| 260 | |a London |b Profile Books |c 2016 | ||
| 300 | |a 252 s. | ||
| 650 | 0 | 7 | |a inovačný manažment |
| 700 | 1 | |a Prabhu, Jaideep |4 aut | |
| 996 | |b 284M088104 |c M* 14233-1 |l MMKN |s A |a 24 |w 0071469_0001 | ||